000 07666cam a2201513 a 4500
999 _c54597
001 17049049
003 LIBRIS
005 20201118120432.0
008 141018s2015 sw |||||||||||000 f|swe|c
020 _a9789187371417
_qinb.
035 _a(BOKR)9789187371417
040 _aBOKR
_dS
_ea
041 _aswe
082 0 4 _a839.738
_223/swe
100 1 _aWelander, Felicia,
_d1973-
_4aut
_0https://libris.kb.se/53hltwsp1jx46fv#it
245 1 0 _aKanske imorgon :
_b[en vänskapsroman] /
_cFelicia Welander.
264 1 _aStockholm :
_bBladh by Bladh,
_c2015
264 3 _aFalun :
_bScandbook
300 _a249 s.
_c22 cm
500 _aUndertitel från skyddsomslag
500 _aOriginalupplaga 2015
655 4 _aSvensk skönlitteratur
740 0 _aKanske i morgon
887 _a{"@id":"9tmvb20m4jk6475","modified":"2016-04-04T14:25:07+02:00","checksum":"66841520799"}
_2librisxl
887 _a{"@id":"48hd509955hdb9p","modified":"2016-01-25T13:36:31+01:00","checksum":"57136894032"}
_2librisxl
887 _a{"@id":"v0713pc13xmz2z0","modified":"2015-05-04T15:59:27+02:00","checksum":"57951603554"}
_2librisxl
887 _a{"@id":"jnwtm98p5smcwxg","modified":"2016-03-01T11:03:07+01:00","checksum":"56098493538"}
_2librisxl
887 _a{"@id":"59h9q5hb001ck9m","modified":"2015-03-12T10:58:49+01:00","checksum":"86210635363"}
_2librisxl
887 _a{"@id":"04cjwlf55g5js4p","modified":"2017-02-24T16:23:51+01:00","checksum":"57740893326"}
_2librisxl
887 _a{"@id":"48h9z1490lvk9wp","modified":"2015-07-15T10:05:07+02:00","checksum":"58063225014"}
_2librisxl
887 _a{"@id":"v07l7zs131wz5lr","modified":"2017-11-22T18:10:17+01:00","checksum":"71177344751"}
_2librisxl
887 _a{"@id":"z3bdgr1407prvgz","modified":"2016-08-30T16:04:14+02:00","checksum":"73075039278"}
_2librisxl
887 _a{"@id":"ns1xq0gt5tl7j2f","modified":"2016-01-26T16:20:17+01:00","checksum":"56964982288"}
_2librisxl
887 _a{"@id":"kpxvtw5q1cm8857","modified":"2016-03-07T10:28:47+01:00","checksum":"71942907323"}
_2librisxl
887 _a{"@id":"48hf6q8908xhml3","modified":"2016-03-15T12:32:11+01:00","checksum":"46081035151"}
_2librisxl
887 _a{"@id":"9fnw1rjg39f6gww","modified":"2017-05-22T14:03:49+02:00","checksum":"70209165657"}
_2librisxl
887 _a{"@id":"ns1zwgpt2n15tq8","modified":"2016-02-01T12:05:56+01:00","checksum":"73710335359"}
_2librisxl
887 _a{"@id":"26d6kcn70vs5547","modified":"2015-03-05T09:15:31+01:00","checksum":"76571128266"}
_2librisxl
887 _a{"@id":"gltqktnm5j72d40","modified":"2016-01-28T16:05:30+01:00","checksum":"73241435671"}
_2librisxl
887 _a{"@id":"8dmscmnf3vks90z","modified":"2017-03-09T18:04:58+01:00","checksum":"79120372730"}
_2librisxl
887 _a{"@id":"04b3w5j52zsj1ts","modified":"2015-03-05T18:36:27+01:00","checksum":"74239499528"}
_2librisxl
887 _a{"@id":"jnwc54dp5rmqlpx","modified":"2018-05-14T12:21:04+02:00","checksum":"69564145753"}
_2librisxl
887 _a{"@id":"26fb8kr74j8vtd9","modified":"2015-12-17T14:08:36+01:00","checksum":"71136244571"}
_2librisxl
887 _a{"@id":"w170mrg23kcs9px","modified":"2016-01-04T19:12:03+01:00","checksum":"53983198568"}
_2librisxl
887 _a{"@id":"sx52ngvz1hgs2j6","modified":"2016-01-12T08:05:56+01:00","checksum":"53375703864"}
_2librisxl
887 _a{"@id":"37f7mp980f9pzgb","modified":"2015-11-24T12:08:48+01:00","checksum":"75126604153"}
_2librisxl
887 _a{"@id":"26d45x8736vtq9f","modified":"2015-03-18T14:34:26+01:00","checksum":"68510174485"}
_2librisxl
887 _a{"@id":"hmvs48xn3z3chtx","modified":"2016-02-09T12:23:07+01:00","checksum":"50837063579"}
_2librisxl
887 _a{"@id":"sx4x8c6z4ttr21l","modified":"2015-03-03T12:24:18+01:00","checksum":"66645617100"}
_2librisxl
887 _a{"@id":"rw3wg2hx48xg2w8","modified":"2015-03-20T12:33:30+01:00","checksum":"53270546252"}
_2librisxl
887 _a{"@id":"glsl5pxm32h6fzk","modified":"2015-03-20T08:30:25+01:00","checksum":"51494888622"}
_2librisxl
887 _a{"@id":"djqjxqsk5b2s9b0","modified":"2015-03-10T11:30:39+01:00","checksum":"57011291251"}
_2librisxl
887 _a{"@id":"djrnfhwk365jr1q","modified":"2016-02-04T18:10:20+01:00","checksum":"72039795175"}
_2librisxl
887 _a{"@id":"jnwp1j0p0g4dbmz","modified":"2015-06-03T08:51:47+02:00","checksum":"73905191688"}
_2librisxl
887 _a{"@id":"6bkctskc1dvh1h8","modified":"2015-06-12T08:03:58+02:00","checksum":"69413399470"}
_2librisxl
887 _a{"@id":"ns17fhft068t33q","modified":"2017-04-10T11:02:43+02:00","checksum":"72891904829"}
_2librisxl
887 _a{"@id":"pt2xtdgv126ftsh","modified":"2015-12-15T16:16:31+01:00","checksum":"70631933671"}
_2librisxl
887 _a{"@id":"w1824tn24mx3f6q","modified":"2015-05-05T09:13:48+02:00","checksum":"52381597835"}
_2librisxl
942 _2z
_cBOOK
949 _5G
_66000149920
_a15/307
_s7500
_tYNNNN